000 01196nam a22002777a 4500
005 20170124102929.0
010 _aB-152130
020 _c450.00
_a818524488
035 _aB-152130
037 _bCen Lib/Ret
040 _aDPL
_bHN
082 _a780.92
_bश्रीवास्तव
100 _aश्रीवास्तव, राजीव
_944469
245 _aकल्यानजी आनंद जी :
_c राजीव श्रीवास्तव
_bजिंदगी का सफ़र /
246 _akalyanji aanandji :jindagi ka safar
_bby Rajeev Shree Vastava
260 _aनई दिल्ली
_bहिंदी बुक सेन्टर
_c2004
270 _a4/5,बी -आसफ अली रोड
_b नई दिल्ली
_e110002
300 _a160पृष्ठ. :
_c24सेमी(सजिल्द)
_bचित्र.
500 _a
650 _aहिंदी सिनेमा
_97
650 _aहिंदी फिल्म संगीत
_95559
650 _aHindi cinema
_944470
650 _aHindi film music
_944471
700 _944240
942 _2ddc
_cHN
_h780.92
_mश्रीवास्तव
999 _c111776
_d111776